000 01427nam a22003737a 4500
003 CHAP
005 20220817044224.0
008 080815s2007 mx r 00010 spa d
010 _a95033
011 _a96005
035 _a106644
040 _cCHAP
090 _aTesis
100 0 0 _aSandoval Méndez, Carlos.
_9102149
245 1 0 _aVegetación actual y pontecial y su restauración experimental en el área Parque Urbano Paseo de la Presa San Luis Potosí.
_c/por Carlos Sandoval Méndez
260 _aSan Luis Potosi, Méx.
_bEl autor,
_c2007
300 _avii, 74 h. :
_bcuadros
502 _aTesis (M.C. en Ciencias Ambientales) -- UASLP. Facultades de Ciencias Quimicas, Ingeniería y Medicina
590 _aALEPH
_b10
_c20130110
_lUCH01
_h1523
590 _aBATCH-UPD
_b10
_c20130110
_lUCH01
_h0350
590 _aBATCH-UPD
_b10
_c20130110
_lUCH01
_h1812
590 _aBATCH-UPD
_b10
_c20130410
_lUCH01
_h0024
590 _aBATCH-UPD
_b10
_c20130914
_lUCH01
_h1901
590 _aCONVERSION
_b10
_c20130109
_lUCH01
_h1353
650 1 4 _aArboricultura urbana.
_96700
650 1 4 _aParques
_xSan Luis Potosi.
_985694
650 1 4 _aPlantación de árboles.
_988782
650 1 4 _aRecursos naturales
_xConservación.
650 1 4 _aRecursos naturales
_xSan Luis Potosí.
_995312
650 1 4 _aReforestación.
_995474
901 _aBK
942 _cTESIS
949 _aTesis
_bBC
_cTES
_d33724002061488
_eTS1
_gDonaciØn
_h47820
_i106644
_sb
999 _c95033
_d95033